000 00493nam a2200169Ia 4500
008 220216s9999 xx 000 0 und d
100 _aKusano Y
245 0 _aEffect of discharge treatment on vulcanised rubber surfaces
260 _bIn: Proceedings of the International Rubber Conference, Kobe, 1995, p432-435
650 _aDischarge treatment
650 _aVulcanised rubbers
700 _aKato N
700 _aNatio K
700 _aNoguchi T
700 _aYoshikawa M
942 _cJS
999 _c57805
_d57805